| 000 | 00495nam a22001697a 4500 | ||
|---|---|---|---|
| 003 | CEME | ||
| 005 | 20210628210425.0 | ||
| 008 | 210208b xxu||||| |||| 00| 0 eng d | ||
| 040 | _c. | ||
| 082 | _a297.7 ASH | ||
| 100 |
_aThanvi, Muhammad Ashraf Ali Muhammad Ashraf Ali Thanvi _911089 |
||
| 245 | _aKhutbat-e-hakeem ul umat sunat-e-ibrahimi | ||
| 260 |
_aLAHORE _bIDARA TALEEFAT ASHRAFIA _c1995 |
||
| 300 | _a510P | ||
| 650 |
_aISLAM-SUNAT-E-IBRAHIMI ISLAM-QURBANI _979353 |
||
| 942 |
_cBK _2ddc |
||
| 999 |
_c584396 _d584396 |
||